| 000 | 00773nam a22002057a 4500 | ||
|---|---|---|---|
| 999 |
_c12500 _d12500 |
||
| 003 | AR-CdUCM | ||
| 008 | 190409b ||||| |||| 00| 0 spa d | ||
| 040 |
_aMUNICIPALIDAD PROVINCIAL DEL CUSCO _cBIBLIOTECA MUNICIPAL DEL CUSCO |
||
| 082 |
_27ed. _a663.3 / _bC22 / 1910 |
||
| 100 |
_aCmpano, Lorenzo _930366 |
||
| 245 | _aManual del cervecero y del fabricante de bebidas gaseosas y fermentadas / | ||
| 260 |
_aParís : _bLibreria de la Vda de CH. Bouret, _c1910. |
||
| 300 |
_a275 páginas ; _c16 cm. |
||
| 440 |
_aEnciclopedia Popular _930354 |
||
| 505 | _aCervezas -- aparatos necesarios en una fabrica de cervezas -- El termómetro y el sacarímetro... | ||
| 650 |
_aCervezas. _930367 |
||
| 650 |
_aGaseosas. _930368 |
||
| 942 |
_2ddc _cLIBROS |
||
| 945 |
_awfj _d2019-04-09 |
||